• 首页
  • 本馆介绍
  • 公告通知
  • 最新文献
  • 馆藏检索
  • 电子资源
  • 读者导购
  • 参考咨询
  • 我的图书馆
  • 登录
  • 详细信息显示
  • 放入我的书架
  • 预约/预借图书
  • 作者相关作品
  • 分类相关作品
  • 丛书相关作品
  • 出版社相关作品

书目信息

  • 表格格式
  • 工作单格式
  • 卡片格式
题名:
桂陵马陵之战
    
 
作者: 雪华 著
分册:  
出版信息: 北京   中华书局  1965
页数: 21页
开本: 19cm
丛书名: 历史知识小丛书
单 册:
中图分类: K231.09
科图分类:
主题词: 桂陵之战(前353)--通俗读物 , 马陵之战(前341)--通俗读物
电子资源:
ISBN:
000 00685nam2 2200253 45
001 0178002212
005 20060725104702.59
010    @dCNY0.10
091    @aCN@b11018.589
100    @a19950724e19781965em y0chiy0121 ea
101 0  @achi
102    @aCN@b110000
105    @ay z 000yy
200 10 @a桂陵马陵之战@Agui ling ma ling zhi zhan@f雪华著
210    @a北京@c中华书局@d1965@h1978重印
215    @a21页@d19cm
225 2  @a历史知识小丛书
410  0 @120010@a历史知识小丛书
606    @a桂陵之战(前353)@x通俗读物
606    @a马陵之战(前341)@x通俗读物
690    @aK231.09@v3
701  0 @a雪华@Axue hua@4著
801  0 @aCN@bTSSF@c20060725
905    @a10447@dK231.09@e12
    
    桂陵马陵之战/雪华著.-北京:中华书局,1965(1978重印)
    21页;19cm.-(历史知识小丛书)
    
    
    ISBN :CNY0.10
    
●
相关链接 在E读中查询图书 在五车中查询图书 在当当中查询图书 在豆瓣中查询图书


正题名:桂陵马陵之战     索取号:K231.09/12         预约/预借

序号 登录号 条形码 馆藏地/架位号 状态 备注
1 0436117   204361172   密集书库/ [索取号:K231.09/12] 在馆    
唐山师范学院图书馆 欢迎您!
大连网信软件有限公司© 版权所有